Les 20 candidats hommes les plus emblématiques de Koh-Lanta - Statistiques

Statistiques générales
  • Ce quiz a été pris 294 fois
  • Le résultat moyen est 15 sur 20
Statistiques - réponses
Par images Réponse % Correct
Claude
99%
Laurent
94%
Moundir
90%
Ugo
90%
Sam
88%
Teheiura
87%
Bertrand Kamal
84%
Phil
82%
Freddy
81%
Moussa
81%
Loic
78%
Pascal
69%
Javier
67%
Maxime
65%
Mohammed
64%
Ahmad
62%
Namadia
60%
Marc
56%
Grégoire
54%
Cédric
50%
Aucun quiz correspondant
Distribution des résultats
% des personnes avec chaque résultat
Percentile par nombre de réponses
Votre historique - résultats
Vous n’avez pas pris ce quiz